Responses for Show #3355 - Friday, March 19, 1999

Contestants

[<< previous game]

Linda Ferrazzara, a network administrator from Randolph, Massachusetts

Scott Tarapczynski, a writer from Niagara Falls, New York

Jeff Grimes, a history teacher from Paris, Texas (whose 1-day cash winnings total $700)

[next game >>]

Jeopardy! Round responses

PRESIDENTIAL TRAVELS
ON PINS & NEEDLES
THE STAR-SPANGLED BANNER
WORDS
CLASSIC CINEMA QUOTES
(Alex: Hey, if you're at the theatre...)
POPCORN
    $100 17
[The Diet]

Japan

Jeff
    $100 26
fraternity pin

Scott
    $100 1
Francis Scott Key

Linda
    $100 7
breathalyzer

Linda
    $100 12
The Hustler

Scott
    $100 2
United States

Jeff
    $200 18
[Standing in front of Saint Basil's Cathedral]

Moscow

Linda
    $200 27
thumbtacks

Jeff
    $200 3
red

Jeff
    $200 8
spritzer

Linda
    $200 13
Sunset Boulevard

Linda
    $200 22
popcorn ball

Linda
    $300 19
Africa

Scott
    $300 28
acupuncture

Linda
    $300 4
(Linda: What is Philadelphia?)

Baltimore

Linda
Triple Stumper
    $300 9
Instamatic

Scott
    $300 14
(Jeff: What is Indiana Jones?)

Raiders of the Lost Ark

JeffLinda
    $300 23
Orville Redenbacher

Scott
    $400 20
Martha's Vineyard

Jeff
    $400 29
eyes

Scott
    $400 5
opening ceremonies

Triple Stumper
    $400 10
proviso

Jeff
    $600 15
(Linda: What is His Girl Friday?)

Citizen Kane

Linda
    $400 24
(Alex: A minute to go.)

moisture

Linda
    $500 21
[Pele]

Brazil

Scott
    $500 30
(Scott: What is a kingpin?)

linchpin

JeffScott
    $500 6
(Jeff: Who is Jimi Hendrix?)
(Scott: Who is Jim Morrison?)

Jose Feliciano

JeffScottLinda
    $500 11
euphemism

Linda
    $500 16
Chinatown

Scott
    $500 25
(Scott: Who is Squanto?)

Massasoit

Scott
Triple Stumper

Scores at the first commercial break (after clue 14):

Jeff Scott Linda
-$100 -$100 $1,600

Scores at the end of the Jeopardy! Round:

Jeff Scott Linda
$1,100 $1,000 $2,100

Double Jeopardy! Round responses

COUNTRY MUSIC STARS
FROM A TO Y
(Alex: Each correct response will begin with the letter "A" and end with the letter "Y".)
MORE MYTHOLOGICAL MISTAKES
POPES
HIGH HOPES
ISOTOPES
    $200 23
(Alex: Minute to go.)

Garth Brooks

Jeff
    $200 16
allergy

Scott
    $200 11
Narcissus

Scott
    $200 21
Council

Linda
    $200 1
(Jeff: What is a ziggurat?)

Tower of Babel

JeffLinda
    $200 2
(Jeff: What is uranium?)

radium

JeffLinda
    $400 27
Tammy Wynette

Scott
    $400 17
Admiralty

Scott
    $400 12
Achilles

Jeff
    $400 22
Linus

Jeff
    $400 7
"High apple pie in the sky hopes"

Jeff
    $400 3
meter

Jeff
    $600 26
Hank Williams, Jr.

Jeff
    $600 18
aviary

Linda
    $600 13
Icarus

Linda
    $600 28
"The Smiling Pope"

Triple Stumper
    $600 8
(Linda: What is Kodachrome?)

Technicolor

Linda
Triple Stumper
    $600 4
(Scott: What are electrons?)

neutrons

ScottLinda
    $800 25
Alison Krauss

Triple Stumper
    $800 19
astronomy

Scott
    $1,000 14
(Linda: Who is Circe?)

Medea

Linda
    $800 29
[The end-of-round signal sounds.]

Human Life

Linda
    $800 9
auspicious

Linda
    $800 5
plutonium

Linda
    $1000 24
Tim McGraw

Jeff
    $1000 20
agley

Linda
    $1000 15
(Scott: Who were the Furies?)

Muses

Scott
Triple Stumper
    $1000 10
bubble

Triple Stumper
    $1,000 6
deuterium

Linda

Scores at the end of the Double Jeopardy! Round:

Jeff Scott Linda
$4,100 $1,400 $7,300

[wagering suggestions for these scores]

Final Jeopardy! Round responses

SCIENTIFIC INVENTIONS
(Alex: Invented by Hans Lippershey.)
ScottWhat is the Telescope?
$1,100
JeffWhat is the Telescope?
$3,600
LindaWhat is A windmill?
$1,000
telescope

Final scores:

Jeff Scott Linda
$7,700 $2,500 $6,300
2-day champion: $8,400 3rd place: Daewoo 25" Color TV & Advent Speaker System 2nd place: Trip to Mexico City & Ixtapa

Game dynamics:

Coryat scores:

Jeff Scott Linda
$4,100 $1,400 $8,900
14 R,
4 W
13 R,
5 W
22 R
(including 1 DD),
4 W
(including 2 DDs)

Combined Coryat: $14,400

[game clues] [game scores] [suggest correction]

Game tape date: Unknown
The J! Archive is created by fans, for fans. Scraping, republication, monetization, and malicious use prohibited; this site may use cookies and collect identifying information. See terms. The Jeopardy! game show and all elements thereof, including but not limited to copyright and trademark thereto, are the property of Jeopardy Productions, Inc. and are protected under law. This website is not affiliated with, sponsored by, or operated by Jeopardy Productions, Inc. Join the discussion at JBoard.tv.